[Event "Regionalliga NO 9900"]
[Site "Bayern"]
[Date "2000.??.??"]
[Round "8.2"]
[White "Kampmann, Lutz"]
[Black "Susanu, Marius"]
[Result "1-0"]
[WhiteElo "2155"]
[BlackElo "2065"]
[PlyCount "99"]
[EventDate "1999.??.??"]
[EventType "team-tourn"]
[EventRounds "9"]
[EventCountry "GER"]
[SourceTitle "EXT 2020"]
[Source "ChessBase"]
[SourceDate "2019.10.17"]
[SourceVersion "1"]
[SourceVersionDate "2019.10.17"]
[SourceQuality "1"]
[WhiteTeam "Amberg SG Siemens"]
[BlackTeam "Nuernberg Grundig SC"]
[WhiteTeamCountry "GER"]
[BlackTeamCountry "GER"]

1. d4 Nf6 2. c4 e6 3. Nc3 d5 4. cxd5 exd5 5. Bg5 Be7 6. e3 c6 7. Bd3 Bg4 8. Qc2 Nbd7 9. h3 Bh5 10. f4 h6 11. Bxf6 Bxf6 12. g4 Qe7 13. Kd2 Bg6 14. Bxg6 fxg6 15. Qxg6+ Qf7 16. Qxf7+ Kxf7 17. Nf3 Nb6 18. b3 Rhe8 19. h4 c5 20. Nb5 Rad8 21. g5 a6 22. gxf6 axb5 23. fxg7 Nd7 24. dxc5 Nxc5 25. Ne5+ Kxg7 26. Rhg1+ Kh7 27. Rac1 Ne4+ 28. Kd3 Re7 29. Rg2 b4 30. Kd4 Nc3 31. a4 Rc7 32. Kd3 Rf8 33. Nf3 Re8 34. Nd4 Rf7 35. Nc2 Rfe7 36. Rg3 Ne4 37. Rf3 Nc5+ 38. Ke2 Re4 39. Nd4 b6 40. Kd2 Rg8 41. Re1 Rg2+ 42. Re2 Rg1 43. Kc2 Ra1 44. Kb2 Rd1 45. Rg2 Nd3+ 46. Kc2 Ne1+ 47. Kxd1 Nxg2 48. Kd2 Nxh4 49. Rh3 Ng6 50. Nf5 1-0

[Event "Regionalliga NO 9900"]
[Site "Bayern"]
[Date "2000.??.??"]
[Round "7.1"]
[White "Kustar, Sandor"]
[Black "Susanu, Marius"]
[Result "1-0"]
[WhiteElo "2420"]
[BlackElo "2055"]
[PlyCount "79"]
[EventDate "1999.??.??"]
[EventType "team-tourn"]
[EventRounds "9"]
[EventCountry "GER"]
[SourceTitle "EXT 2020"]
[Source "ChessBase"]
[SourceDate "2019.10.17"]
[SourceVersion "1"]
[SourceVersionDate "2019.10.17"]
[SourceQuality "1"]
[WhiteTeam "Schwabach"]
[BlackTeam "Nuernberg Grundig SC"]
[WhiteTeamCountry "GER"]
[BlackTeamCountry "GER"]

1. Nf3 c5 2. c4 Nc6 3. Nc3 g6 4. e3 d6 5. h3 Bg7 6. d4 Bf5 7. d5 Ne5 8. e4 Nxf3+ 9. Qxf3 Bd7 10. Bd2 Qb6 11. b3 e5 12. Bd3 h6 13. Rb1 Ne7 14. a3 a5 15. Qg3 Qd8 16. 0-0 0-0 17. f4 Kh7 18. f5 Ng8 19. b4 axb4 20. axb4 b6 21. bxc5 bxc5 22. Rb7 Bc8 23. Rxf7 g5 24. Rxf8 Qxf8 25. h4 gxh4 26. Qxh4 Bf6 27. Qh5 Bd7 28. Rb1 Ne7 29. Rb7 Be8 30. Qh3 Qg7 31. Qf3 Ra3 32. Nd1 Kg8 33. Rb8 Qf8 34. Nf2 Ra1+ 35. Bf1 Kh7 36. Ng4 Ng8 37. Qh3 h5 38. Nxf6+ Nxf6 39. Qh4 Ra7 40. Bg5 1-0

[Event "Regionalliga NO 9900"]
[Site "Bayern"]
[Date "2000.??.??"]
[Round "6.1"]
[White "Susanu, Marius"]
[Black "Gross, Stefan"]
[Result "0-1"]
[WhiteElo "2055"]
[BlackElo "2390"]
[PlyCount "86"]
[EventDate "1999.??.??"]
[EventType "team-tourn"]
[EventRounds "9"]
[EventCountry "GER"]
[SourceTitle "EXT 2020"]
[Source "ChessBase"]
[SourceDate "2019.10.17"]
[SourceVersion "1"]
[SourceVersionDate "2019.10.17"]
[SourceQuality "1"]
[WhiteTeam "Nuernberg Grundig SC"]
[BlackTeam "Cham"]
[WhiteTeamCountry "GER"]
[BlackTeamCountry "GER"]

1. d4 Nf6 2. Nf3 e6 3. c4 c5 4. Nc3 cxd4 5. Nxd4 Nc6 6. Ndb5 d6 7. e3 a6 8. Nd4 Be7 9. Be2 Bd7 10. b3 Rb8 11. 0-0 0-0 12. Bb2 Qa5 13. Qd2 Rfc8 14. Rfd1 Kh8 15. Na4 b5 16. Nc3 bxc4 17. Bxc4 d5 18. Bd3 Ne5 19. f4 Nxd3 20. Qxd3 Ba3 21. Bxa3 Rxc3 22. Qd2 Ne4 23. Qb2 Rxe3 24. Rac1 Qd8 25. Nc6 Qb6 26. Nd4 h6 27. h3 Qd8 28. Nc6 Bxc6 29. Rxc6 Qh4 30. f5 Re1+ 31. Rxe1 Qxe1+ 32. Kh2 Qg3+ 33. Kg1 Qe3+ 34. Kh2 Qf4+ 35. Kg1 Qxf5 36. Qd4 h5 37. Bb2 f6 38. Qa7 Rg8 39. Bc1 Ng3 40. Qxa6 e5 41. h4 d4 42. Qc4 Qg4 43. Qd3 Ne2+ 0-1

[Event "Regionalliga NO 9798"]
[Site "Bayern"]
[Date "1998.??.??"]
[Round "?.1"]
[White "Susanu, Marius"]
[Black "Gazmaga, Stefan"]
[Result "1/2-1/2"]
[WhiteElo "2030"]
[BlackElo "2135"]
[PlyCount "102"]
[EventDate "1997.10.??"]
[EventType "team-tourn"]
[EventRounds "9"]
[EventCountry "GER"]
[SourceTitle "EXT 2020"]
[Source "ChessBase"]
[SourceDate "2019.10.17"]
[SourceVersion "1"]
[SourceVersionDate "2019.10.17"]
[SourceQuality "1"]
[WhiteTeam "Nuernberg Grundig SC"]
[BlackTeam "Amberg SG Siemens"]
[WhiteTeamCountry "GER"]
[BlackTeamCountry "GER"]

1. d4 Nf6 2. Nf3 e6 3. g3 d5 4. Bg2 Be7 5. c4 0-0 6. 0-0 b6 7. Nc3 Bb7 8. cxd5 exd5 9. Bg5 c6 10. Rc1 Nbd7 11. Re1 Re8 12. a3 Ne4 13. Bxe7 Qxe7 14. Nd2 Ndf6 15. Ndxe4 dxe4 16. e3 h5 17. h3 Qe6 18. Ne2 Nd5 19. Nc3 Nf6 20. Ne2 Rad8 21. Nf4 Qf5 22. Qa4 Ra8 23. Qc4 g5 24. Ne2 Re6 25. b4 a5 26. Nc3 Ba6 27. Qb3 Bd3 28. bxa5 Rxa5 29. Qxb6 Rxa3 30. Qb4 Ra8 31. Ra1 Rae8 32. Ra5 Nd5 33. Nxd5 cxd5 34. Rea1 Rf6 35. Qb2 Kg7 36. R1a2 Rc8 37. Rc5 Rd8 38. Qb7 Bc4 39. Rb2 Rf8 40. Rc6 Rxc6 41. Qxc6 Rd8 42. Rb6 Qe6 43. Qxe6 fxe6 44. Bf1 Bxf1 45. Kxf1 Kf6 46. Rb7 Rh8 47. Ke2 h4 48. g4 Rc8 49. Kf1 Rd8 50. Ra7 Rd6 51. Ra8 Rb6 1/2-1/2

[Event "Regionalliga NO 9798"]
[Site "Bayern"]
[Date "1998.??.??"]
[Round "?.2"]
[White "Susanu, Marius"]
[Black "Niessen, Helga"]
[Result "1-0"]
[WhiteElo "2030"]
[BlackElo "2065"]
[PlyCount "93"]
[EventDate "1997.10.??"]
[EventType "team-tourn"]
[EventRounds "9"]
[EventCountry "GER"]
[SourceTitle "EXT 2020"]
[Source "ChessBase"]
[SourceDate "2019.10.17"]
[SourceVersion "1"]
[SourceVersionDate "2019.10.17"]
[SourceQuality "1"]
[WhiteTeam "Nuernberg Grundig SC"]
[BlackTeam "Regensburg Fortuna II"]
[WhiteTeamCountry "GER"]
[BlackTeamCountry "GER"]

1. d4 Nf6 2. Nf3 e6 3. g3 b6 4. Bg2 Bb7 5. c4 Bb4+ 6. Bd2 Qe7 7. 0-0 0-0 8. Bf4 d5 9. Ne5 Ne4 10. c5 bxc5 11. a3 Ba5 12. dxc5 c6 13. b4 Bc7 14. Nd3 e5 15. Bd2 Nxd2 16. Qxd2 e4 17. Nc1 Re8 18. e3 Nd7 19. Nb3 Ne5 20. Nd4 Ba6 21. Rd1 Qf6 22. Nc3 Bc4 23. Nce2 Nf3+ 24. Bxf3 exf3 25. Nf4 Be5 26. Rac1 Bxd4 27. Qxd4 Qh6 28. Nd3 Re4 29. Rxc4 Rxd4 30. Rxd4 Qh3 31. Ne1 Re8 32. Rf4 g5 33. Rxf3 Re6 34. b5 Rh6 35. bxc6 Qxh2+ 36. Kf1 Rxc6 37. Rxd5 h6 38. Ke2 Qh5 39. Kd2 Qg6 40. Rff5 a5 41. Nd3 Re6 42. g4 Qg7 43. Ne5 Rf6 44. c6 Rxc6 45. Rd8+ Kh7 46. Rxf7 Qxf7 47. Nxf7 1-0

[Event "Regionalliga NO 9899"]
[Site "Bayern"]
[Date "1998.??.??"]
[Round "3.2"]
[White "Susanu, Marius"]
[Black "Schatz, Christian"]
[Result "0-1"]
[WhiteElo "2070"]
[BlackElo "1970"]
[PlyCount "84"]
[EventDate "1998.??.??"]
[EventType "team-tourn"]
[EventRounds "9"]
[EventCountry "GER"]
[SourceTitle "EXT 2020"]
[Source "ChessBase"]
[SourceDate "2019.10.17"]
[SourceVersion "1"]
[SourceVersionDate "2019.10.17"]
[SourceQuality "1"]
[WhiteTeam "Nuernberg Grundig SC"]
[BlackTeam "Gunzenhausen"]
[WhiteTeamCountry "GER"]
[BlackTeamCountry "GER"]

1. d4 Nf6 2. Nf3 g6 3. g3 Bg7 4. Bg2 0-0 5. 0-0 d6 6. Nc3 Nbd7 7. e4 e5 8. d5 Nc5 9. Ne1 a5 10. Nd3 Nxd3 11. Qxd3 Nd7 12. Be3 b6 13. a4 f5 14. f3 f4 15. Bf2 fxg3 16. hxg3 h5 17. Qd2 Kh7 18. Be3 Nc5 19. Kh2 Qe7 20. Rh1 Kg8 21. Bg5 Bf6 22. Bxf6 Qxf6 23. Qh6 Rf7 24. Qe3 Ba6 25. b3 Raf8 26. Kg1 Rh7 27. Nb1 h4 28. g4 h3 29. Rxh3 Rxh3 30. Bxh3 Qxf3 31. Qxf3 Rxf3 32. Bg2 Rf4 33. Nd2 Rxg4 34. Kf2 Kg7 35. Bf3 Rf4 36. Rg1 Bc8 37. Ke3 Rh4 38. Nf1 Kh6 39. Ng3 Rh2 40. Rh1 Rxh1 41. Nxh1 Kg5 42. Nf2 Kh4 0-1

[Event "Regionalliga NO 9798"]
[Site "Bayern"]
[Date "1997.??.??"]
[Round "?.1"]
[White "Roeder, Frank"]
[Black "Susanu, Marius"]
[Result "1-0"]
[WhiteElo "2300"]
[BlackElo "2025"]
[PlyCount "95"]
[EventDate "1997.10.??"]
[EventType "team-tourn"]
[EventRounds "9"]
[EventCountry "GER"]
[SourceTitle "EXT 2020"]
[Source "ChessBase"]
[SourceDate "2019.10.17"]
[SourceVersion "1"]
[SourceVersionDate "2019.10.17"]
[SourceQuality "1"]
[WhiteTeam "Altensittenbach"]
[BlackTeam "Nuernberg Grundig SC"]
[WhiteTeamCountry "GER"]
[BlackTeamCountry "GER"]

1. e4 e6 2. d4 d5 3. Nd2 dxe4 4. Nxe4 Nd7 5. Nf3 Ngf6 6. Bd3 Nxe4 7. Bxe4 Nf6 8. Bd3 Be7 9. Bg5 c5 10. dxc5 Qa5+ 11. c3 Qxc5 12. 0-0 Bd7 13. Qe2 h6 14. Be3 Qh5 15. Bd4 Bc6 16. Ne5 Qxe2 17. Bxe2 0-0 18. Nxc6 bxc6 19. Bf3 Rfc8 20. b4 a6 21. a3 Rab8 22. Rfd1 Ne8 23. Be2 Ra8 24. Bb6 Nd6 25. Bc5 Nf5 26. Bxe7 Nxe7 27. Rd7 Kf8 28. c4 Ke8 29. Rad1 Nd5 30. Rb7 Nc3 31. Rdd7 Nxe2+ 32. Kf1 Nc3 33. Re7+ Kf8 34. Rxf7+ Kg8 35. Rxg7+ Kh8 36. Rh7+ Kg8 37. Rbg7+ Kf8 38. Rf7+ Kg8 39. Rfg7+ Kf8 40. Rb7 Kg8 41. Rxh6 Re8 42. Rg6+ Kf8 43. Rgg7 Red8 44. g4 Ne4 45. c5 a5 46. g5 axb4 47. Rbf7+ Ke8 48. g6 1-0

[Event "Landesliga Nord 9495"]
[Site "Bayern"]
[Date "1995.02.05"]
[Round "5.4"]
[White "Goetz, Andreas"]
[Black "Susanu, Marius"]
[Result "1/2-1/2"]
[WhiteElo "1776"]
[BlackElo "1990"]
[PlyCount "110"]
[EventDate "1994.10.09"]
[EventType "team-tourn"]
[EventRounds "9"]
[EventCountry "GER"]
[SourceTitle "EXT 2020"]
[Source "ChessBase"]
[SourceDate "2019.10.17"]
[SourceVersion "1"]
[SourceVersionDate "2019.10.17"]
[SourceQuality "1"]
[WhiteTeam "Erlangen TB"]
[BlackTeam "Nuernberg Grundig SC"]
[WhiteTeamCountry "GER"]
[BlackTeamCountry "GER"]

1. Nf3 Nf6 2. d4 e6 3. c4 b6 4. g3 Ba6 5. b3 Bb4+ 6. Nbd2 Bb7 7. Qc2 Be4 8. Qb2 0-0 9. Bg2 c6 10. 0-0 Bxd2 11. Bxd2 d5 12. Rac1 a5 13. Ne5 Bxg2 14. Kxg2 Ne4 15. Be3 f6 16. Nd3 Na6 17. f3 Nd6 18. cxd5 cxd5 19. Bd2 Qd7 20. Rc2 Rfc8 21. Rfc1 Rxc2 22. Rxc2 Rc8 23. Nf4 Kf7 24. Qb1 g6 25. h4 Nf5 26. Rxc8 Qxc8 27. Qd3 Nb8 28. g4 Ne7 29. Qe3 Qc6 30. Nd3 Nd7 31. Qh6 Kg8 32. Qe3 Kf7 33. Nf4 Nf8 34. Qd3 Nd7 35. h5 Nf8 36. hxg6+ hxg6 37. b4 a4 38. b5 Qc4 39. Qxc4 dxc4 40. e4 Nc8 41. Ne2 Nd7 42. Nc3 Nd6 43. g5 e5 44. Be3 exd4 45. Bxd4 fxg5 46. Kg3 Ke6 47. Kf2 a3 48. Ke2 Nc5 49. Ke3 Nd7 50. Ke2 Nc5 51. Be3 g4 52. Bc1 gxf3+ 53. Kxf3 Ke5 54. Bf4+ Ke6 55. Bc1 Ke5 1/2-1/2

[Event "Landesliga Nord 9596"]
[Site "Bayern"]
[Date "1995.??.??"]
[Round "?"]
[White "Kammer, Christoph"]
[Black "Susanu, Marius"]
[Result "1-0"]
[WhiteElo "2040"]
[BlackElo "2010"]
[PlyCount "110"]
[EventDate "1995.10.??"]
[EventType "team-tourn"]
[EventRounds "9"]
[EventCountry "GER"]
[SourceTitle "EXT 2020"]
[Source "ChessBase"]
[SourceDate "2019.10.17"]
[SourceVersion "1"]
[SourceVersionDate "2019.10.17"]
[SourceQuality "1"]
[WhiteTeam "Regensburg DJK II"]
[BlackTeam "Nuernberg Grundig SC"]
[WhiteTeamCountry "GER"]
[BlackTeamCountry "GER"]

1. e4 e6 2. d4 d5 3. Nc3 Bb4 4. e5 c5 5. Bd2 a6 6. a3 cxd4 7. axb4 dxc3 8. bxc3 Ne7 9. Bd3 Nbc6 10. Qg4 Ng6 11. f4 Qh4+ 12. Qg3 0-0 13. Nf3 Qxg3+ 14. hxg3 Bd7 15. Be3 f6 16. Bc5 Rfc8 17. exf6 gxf6 18. Kd2 Kg7 19. Rh5 Rh8 20. Rah1 Rag8 21. Nd4 h6 22. c4 Nxd4 23. Bxd4 dxc4 24. Bxc4 b5 25. Bb3 Re8 26. Rc5 Rc8 27. Ra1 Rxc5 28. bxc5 Ra8 29. c4 e5 30. Be3 Bc6 31. cxb5 axb5 32. Rxa8 Bxa8 33. Kc3 Ne7 34. Kb4 Bc6 35. Ka5 Kg6 36. Kb6 h5 37. Bc2+ Kf7 38. Bd2 Ke6 39. Bd1 Kd5 40. Bxh5 e4 41. Bc3 Ke6 42. Bd2 Bd7 43. Be2 Nd5+ 44. Ka5 Nc7 45. c6 Be8 46. Kb6 Nd5+ 47. Kc5 e3 48. Ba5 Ne7 49. Bxb5 Nc8 50. c7 Bxb5 51. Kxb5 Kd5 52. g4 Ke4 53. g3 e2 54. Kc6 Kf3 55. Kd7 Na7 1-0

[Event "Landesliga Nord 9495"]
[Site "Bayern"]
[Date "1995.??.??"]
[Round "?.4"]
[White "Susanu, Marius"]
[Black "Oehrlein, Thomas"]
[Result "0-1"]
[WhiteElo "1990"]
[BlackElo "2045"]
[PlyCount "82"]
[EventDate "1994.10.09"]
[EventType "team-tourn"]
[EventRounds "9"]
[EventCountry "GER"]
[SourceTitle "EXT 2020"]
[Source "ChessBase"]
[SourceDate "2019.10.17"]
[SourceVersion "1"]
[SourceVersionDate "2019.10.17"]
[SourceQuality "1"]
[WhiteTeam "Nuernberg Grundig SC"]
[BlackTeam "Bamberg SC II"]
[WhiteTeamCountry "GER"]
[BlackTeamCountry "GER"]

1. d4 Nf6 2. Nf3 d6 3. Nc3 g6 4. e4 c6 5. Bc4 b5 6. Bd3 Bg7 7. 0-0 Qc7 8. Bf4 Nh5 9. Be3 0-0 10. Qd2 Bg4 11. Be2 e5 12. h3 Bxf3 13. Bxf3 Nf4 14. Ne2 Nxe2+ 15. Bxe2 Nd7 16. Rfd1 Nb6 17. Bh6 Rad8 18. Bxg7 Kxg7 19. Qa5 Qe7 20. dxe5 dxe5 21. Qc3 Qe6 22. b3 Qf6 23. Qe3 Rxd1+ 24. Rxd1 Rd8 25. Rxd8 Qxd8 26. Qc3 Qd6 27. g3 b4 28. Qd3 Qxd3 29. Bxd3 Nd7 30. Kf1 Kf8 31. Ke2 Ke7 32. Kd2 Kd6 33. f3 Nf6 34. Bc4 Nh5 35. g4 Nf4 36. Bf1 g5 37. Ke3 f6 38. Kd2 Kc5 39. c4 Kd4 40. Be2 Nxh3 41. Bd1 Ng1 0-1

[Event "Landesliga Nord 9495"]
[Site "Bayern"]
[Date "1995.??.??"]
[Round "?.4"]
[White "Susanu, Marius"]
[Black "Riedel, Hartmut"]
[Result "1-0"]
[WhiteElo "1990"]
[BlackElo "2170"]
[PlyCount "87"]
[EventDate "1994.10.09"]
[EventType "team-tourn"]
[EventRounds "9"]
[EventCountry "GER"]
[SourceTitle "EXT 1999"]
[Source "ChessBase"]
[SourceDate "1998.11.16"]
[SourceVersion "1"]
[SourceVersionDate "1998.11.16"]
[SourceQuality "1"]
[WhiteTeam "Nuernberg Grundig SC"]
[BlackTeam "Zirndorf"]
[WhiteTeamCountry "GER"]
[BlackTeamCountry "GER"]

1. d4 e6 2. c4 f5 3. Nc3 Nf6 4. g3 d5 5. Bg2 c6 6. Nf3 Bd6 7. b3 Ne4 8. Qc2 Bb4 9. Bd2 Nxd2 10. Nxd2 dxc4 11. e3 cxb3 12. Qxb3 Qe7 13. 0-0 0-0 14. Rab1 Bd6 15. Nc4 Bc7 16. f4 Nd7 17. Rfe1 Nb6 18. Ne5 Kh8 19. e4 Bxe5 20. dxe5 Bd7 21. Na4 Nxa4 22. Qxa4 Be8 23. Red1 c5 24. Qb3 b5 25. exf5 c4 26. Qb4 Qxb4 27. Rxb4 Rc8 28. fxe6 Rc7 29. Rd8 c3 30. Rb1 g6 31. Be4 Kg7 32. Rb8 Bc6 33. Rxf8 Bxe4 34. Rd8 Bc6 35. Rc1 b4 36. Rd4 a5 37. Kf2 Rb7 38. Ke3 Kf8 39. g4 a4 40. Kd3 Bb5+ 41. Kc2 Be2 42. f5 Ke7 43. Rb1 b3+ 44. axb3 1-0